Państwa, które najczęściej odwiedzają Australię - Statystyki

Ogólne statystyki
  • Ten quiz został rozwiązany 60 razy
  • Średni wynik to 12 z 15
Statystyki odpowiedzi
# Państwo % Poprawnych
659 740 Stany Zjednoczone
98%
719 490 Chiny
95%
1 272 140 Nowa Zelandia
95%
297 720 Japonia
93%
395 560 Indie
91%
157 190 Kanada
90%
596 880 Wielka Brytania
88%
201 500 Indonezja
84%
151 870 Niemcy
83%
288 010 Korea Południowa
78%
122 790 Tajwan
67%
166 630 Wietnam
67%
157 570 Filipiny
66%
175 550 Malezja
64%
364 010 Singapur
52%
Nie znaleziono quizów pasujących do podanych kryteriów
Rozkład punktacji
Procent ludzi z każdym wynikiem
Percentyl według liczby udzielonych odpowiedzi
Twoja historia wyników
Nie rozwiązałeś tego quizu